000 00259nam a2200109Ia 4500
008 190216s9999||||xx |||||||||||||| ||und||
100 _aState Planning Board
245 0 _aEconomic Review 1989
260 _bKerala Government
650 _aEconomics
942 _cBK
999 _c9822
_d9822